|
|
|
|
| LEADER |
00955nam a2200253 a 4500 |
| 001 |
4983620 |
| 008 |
110519s1999 inua 001 0 eng d |
| 010 |
|
|
|a 98088002
|
| 020 |
|
|
|a 8120315421
|
| 020 |
|
|
|a 073570032X
|
| 040 |
|
|
|a DLC
|c DLC
|d BD-DhAAL
|
| 082 |
0 |
0 |
|a 005.26/8
|2 21
|
| 100 |
1 |
|
|a Panagrosso, David.
|
| 245 |
1 |
0 |
|a Test prep MCSD Visual Basic 6 exams /
|c David Panagrosso, Owen Williams.
|
| 260 |
|
|
|a Indianapolis, Ind. :
|b New Riders,
|c c1999.
|
| 300 |
|
|
|a xvii, 450 p. :
|b ill. ;
|c 25 cm.
|
| 541 |
|
|
|e 00012165
|
| 650 |
|
0 |
|a Electronic data processing personnel
|x Certification.
|
| 650 |
|
0 |
|a Microsoft software
|x Examinations
|v Study guides.
|
| 630 |
0 |
0 |
|a Microsoft Visual BASIC.
|
| 700 |
1 |
|
|a Williams, Owen,
|d 1971-
|
| 852 |
4 |
|
|a Ayesha Abed Library
|j General shelf
|
| 999 |
|
|
|c 10877
|d 10877
|
| 952 |
|
|
|0 0
|1 0
|2 ddc
|4 0
|6 005_268000000000000_PAN
|7 0
|9 16599
|a BRACUL
|b BRACUL
|c GEN
|d 2011-05-22
|g 225.00
|l 0
|o 005.268 PAN
|p 3010012165
|r 2011-05-22
|t 1
|w 2011-05-22
|y BK
|